000 00718nam a2200229Ia 4500
005 20230516140104.0
008 210716s2012 xx 000 0 und d
020 _a9788184043723
040 _cAIMIT LIBRARY
041 _aeng
082 _a004.6005
_22
_bSELC
100 _aSells, Chris;
_9105263
245 _aProgramming WPF /
_cBy Chris Sells and Ian Griffiths.
250 _a2nd ed.
260 _aMumbai :
_bShroff Publishers and Distributors Pvt Ltd ,
_c2012.
300 _axxv,835p. ;
_bPB
_c22.5 cm
650 _aApplications and settings
_9105264
650 _aBinding to list data
_9105265
650 _aResources
_9105266
700 _aGriffiths, Ian.
_9105267
942 _2ddc
_cBK
_e2nd
_k004.6005 SELC
999 _c191071
_d191071